Every Flag to Country Click Quiz - Statistics

General Stats
  • This quiz has been taken 5,254 times
  • The average score is 128 of 196
Answer Stats
Hint Answer % Correct
France
77%
Japan
77%
United Kingdom
77%
Brazil
76%
Canada
76%
China
76%
Germany
76%
Greece
76%
India
76%
Jamaica
76%
Mexico
76%
South Korea
76%
Spain
76%
Switzerland
76%
Albania
75%
Cyprus
75%
Georgia
75%
Israel
75%
Italy
75%
Nepal
75%
Sweden
75%
Ukraine
75%
United States
75%
Argentina
74%
Denmark
74%
Egypt
74%
Finland
74%
Portugal
74%
Russia
74%
South Africa
74%
Turkey
74%
Australia
73%
Bangladesh
73%
Belgium
73%
Estonia
73%
Lebanon
73%
Morocco
73%
North Korea
73%
Norway
73%
Saudi Arabia
73%
Vietnam
73%
Bhutan
72%
Bosnia and Herzegovina
72%
Czech Republic
72%
Iceland
72%
Iran
72%
Kenya
72%
Kosovo
72%
Netherlands
72%
North Macedonia
72%
Vatican City
72%
Chile
71%
Croatia
71%
Kazakhstan
71%
Malta
71%
New Zealand
71%
Sri Lanka
71%
Austria
70%
Cambodia
70%
Malaysia
70%
Nigeria
70%
Pakistan
70%
Panama
70%
Philippines
70%
Hint: in Europe Romania
70%
Uruguay
70%
Algeria
69%
Barbados
69%
Belarus
69%
Colombia
69%
Cuba
69%
Hint: in Asia Indonesia
69%
Ireland
69%
Latvia
69%
Luxembourg
69%
Qatar
69%
San Marino
69%
Serbia
69%
Somalia
69%
Thailand
69%
Tunisia
69%
Afghanistan
68%
Angola
68%
Bulgaria
68%
Hungary
68%
Liechtenstein
68%
Mongolia
68%
Seychelles
68%
Singapore
68%
Uganda
68%
Venezuela
68%
Hint: in Africa Chad
67%
Ethiopia
67%
Montenegro
67%
Poland
67%
Slovakia
67%
Slovenia
67%
Liberia
66%
Papua New Guinea
66%
Taiwan
66%
Andorra
65%
Azerbaijan
65%
Ecuador
65%
Eswatini
65%
Kyrgyzstan
65%
Laos
65%
Niger
65%
Peru
65%
Antigua and Barbuda
64%
Armenia
64%
Bahamas
64%
Bahrain
64%
Botswana
64%
Brunei
64%
Dominican Republic
64%
Saint Lucia
64%
Trinidad and Tobago
64%
Fiji
63%
Haiti
63%
Iraq
63%
Hint: in Europe Monaco
63%
Palau
63%
Uzbekistan
63%
Belize
62%
Central African Republic
62%
Honduras
62%
Lesotho
62%
Lithuania
62%
Mozambique
62%
Myanmar
62%
Oman
62%
Turkmenistan
62%
Ivory Coast
61%
Kiribati
61%
Libya
61%
Madagascar
61%
Maldives
61%
Moldova
61%
Paraguay
61%
Syria
61%
Tonga
61%
Zambia
61%
Burundi
60%
Cape Verde
60%
D. R. Congo
60%
Malawi
60%
Comoros
59%
Costa Rica
59%
Dominica
59%
East Timor
59%
Eritrea
59%
Ghana
59%
Tajikistan
59%
Tanzania
59%
United Arab Emirates
59%
Zimbabwe
59%
Burkina Faso
58%
Guatemala
58%
Guyana
58%
Mauritania
58%
Saint Vincent and the Grenadines
58%
Suriname
58%
Yemen
58%
Djibouti
57%
F. S. Micronesia
57%
Grenada
57%
Cameroon
56%
Kuwait
56%
Rwanda
56%
South Sudan
56%
Togo
56%
Equatorial Guinea
55%
Jordan
55%
Namibia
55%
Samoa
55%
Marshall Islands
54%
Nauru
54%
Nicaragua
54%
São Tomé and Príncipe
54%
Vanuatu
54%
Gabon
53%
Gambia
53%
Mauritius
53%
Senegal
53%
Sierra Leone
53%
Benin
52%
Bolivia
52%
El Salvador
52%
Saint Kitts and Nevis
52%
Tuvalu
52%
Solomon Islands
51%
Sudan
51%
Republic of the Congo
50%
Guinea-Bissau
46%
Mali
46%
Guinea
42%
No matching quizzes found
Score Distribution
Percent of People with Each Score
Percentile by Number Answered
Your Score History
You have not taken this quiz